000
00334nam a22001457a 4500
008
210526b ||||| |||| 00| 0 eng d
020
_a
9780135097236
041
_a
eng
080
_2
3rd
_a
610.73
082
_a
610.73
100
_a
1
101
_a
INF
245
_a
Maternal & Child Nursing Care
_c
Ruth C. Bindler
942
_2
udc
_c
BK
999
_c
57618
_d
57618